[Event "vim da um spiazzi aquiii ... rsr"]
[Site "http://www.queenalice.com/game.php?id=199129"]
[Date "2007.4.19"]
[Round "-"]
[White "spiazzi"]
[Black "pabloitu"]
[Result "1-0"]
[WhiteElo "1550"]
[BlackElo "1357"]

1. e4 e5 2. Nf3 Qf6 3. d3 Nc6 4. Bg5 Qd6 5. c3 h6 6. Be3 Nf6 7. Nh4 g5 8. Nf5 g4
9. Nxd6+ Kd8 10. Nxf7+ Ke7 11. Nxh8 g3 12. Qf3 Na5 13. Ng6+ Kf7 14. Nxe5+ Ke6
15. Qf5+ Ke7 16. Ng6+ Kf7 17. e5 Bg7 18. hxg3 d6 19. Qf4 Kxg6 20. Rxh6+ Bxh6 21.
Qxh6+ Kf7 22. exf6 Bf5 23. Qg7+ Ke6 24. Qe7+ Kd5 25. c4+ Kc6 26. c5 d5 27. Na3
d4 28. Bxd4 Rh8 29. Be5 Rh1 30. Qxc7+ Kd5 31. Qd6# 1-0

[Event "Joga Jaspion! Hehehe..."]
[Site "http://www.queenalice.com/game.php?id=203367"]
[Date "2007.4.27"]
[Round "-"]
[White "t0shiz"]
[Black "spiazzi"]
[Result "0-1"]
[WhiteElo "1219"]
[BlackElo "1547"]

1. Nc3 d5 2. d4 h6 3. f3 e6 4. e4 Nf6 5. a3 a6 6. b4 c6 7. a4 Nh5 8. exd5 Bxb4
9. Qd2 cxd5 10. Ba3 Qh4+ 11. Qf2 Bxc3+ 12. Kd1 Qxf2 13. Bd3 Qd2# 0-1

[Event "REVENGE !!!"]
[Site "http://www.queenalice.com/game.php?id=212927"]
[Date "2007.5.18"]
[Round "-"]
[White "pabloitu"]
[Black "spiazzi"]
[Result "1-0"]
[WhiteElo "1389"]
[BlackElo "1554"]

1. e4 e5 2. Nc3 a6 3. Nf3 d6 4. b3 Nc6 5. Nd5 Be6 6. Ba3 Nf6 7. c4 Nxe4 8. Qe2
f5 9. d3 Bxd5 10. cxd5 Nd4 11. Nxd4 Nc3 12. Qd2 exd4 13. Qf4 g6 14. Qxd4 Qe7+
15. Qe3 Nxd5 16. Qe2 Qxe2+ 17. Bxe2 O-O-O 18. Bf3 Re8+ 19. Kd1 1-0

[Event "REVENGE !!!"]
[Site "http://www.queenalice.com/game.php?id=212928"]
[Date "2007.5.18"]
[Round "-"]
[White "pabloitu"]
[Black "spiazzi"]
[Result "1-0"]
[WhiteElo "1364"]
[BlackElo "1579"]

1. e4 e5 2. Qf3 d6 3. Bc4 Be6 4. Bxe6 fxe6 5. Qh3 Qf6 6. Nf3 d5 7. d4 Nc6 8.
Nxe5 Nxe5 9. dxe5 Qxe5 10. f3 dxe4 11. fxe4 Qxe4+ 12. Be3 O-O-O 13. Nc3 Qxc2 14.
O-O Ne7 15. Rad1 Rd6 16. Rf2 Nf5 17. Rxc2 b6 18. Nb5 c6 19. Nxa7+ 1-0

[Event "Challenge"]
[Site "http://www.queenalice.com/game.php?id=217149"]
[Date "2007.5.27"]
[Round "-"]
[White "Macuei"]
[Black "spiazzi"]
[Result "1-0"]
[WhiteElo "2030"]
[BlackElo "1583"]

1. e4 e5 2. Nf3 Nc6 3. Bb5 d6 4. Bxc6+ bxc6 5. d3 h6 6. Be3 Nf6 7. Qd2 Rb8 8.
Qc3 c5 9. Nfd2 Ba6 10. Qa3 Qc8 11. Nc3 Be7 12. Qa4+ Nd7 13. Nd5 c6 14. Nxe7 Kxe7
15. Nb3 1-0

[Event "Challenge"]
[Site "http://www.queenalice.com/game.php?id=217150"]
[Date "2007.5.27"]
[Round "-"]
[White "spiazzi"]
[Black "Macuei"]
[Result "0-1"]
[WhiteElo "1581"]
[BlackElo "2034"]

1. e4 e5 2. Nf3 Nc6 3. a3 Nf6 4. Nc3 a6 5. Bc4 Bc5 6. Ng5 d5 7. exd5 Nd4 8. d6
O-O 9. dxc7 Qxc7 10. b4 Be7 11. d3 Bg4 12. f3 b5 13. fxg4 bxc4 14. dxc4 Qxc4 15.
Bd2 Nxg4 0-1

[Event "Bora jogar?"]
[Site "http://www.queenalice.com/game.php?id=256835"]
[Date "2007.8.17"]
[Round "-"]
[White "AMiller2"]
[Black "spiazzi"]
[Result "0-1"]
[WhiteElo "1352"]
[BlackElo "1541"]

1. e4 e5 2. Bd3 Nf6 3. Nf3 Nc6 4. O-O Nh5 5. Bc4 a6 6. d3 h6 7. Nc3 b5 8. g4 Nf4
9. Bxf4 exf4 10. Nd5 Bd6 11. Re1 h5 12. e5 Be7 13. g5 Bxg5 14. h4 Bxh4 15. Qd2
g5 16. Nf6+ Kf8 17. Bd5 Bb7 18. e6 dxe6 19. Bxc6 Bxc6 20. Ne5 Qxf6 21. Qb4+ Kg7
22. Nxc6 Qf5 23. Qd4+ Kh6 24. Ne7 Qg4+ 25. Kf1 Qh3+ 26. Ke2 f3+ 27. Kd2 g4 28.
Re5 Bxe7 29. Qf4+ Kg6 30. Rae1 Qh4 31. Qe3 g3 32. Qxf3 gxf2 33. Rf1 Bg5+ 34. Ke2
Qd4 35. Rxg5+ Kxg5 36. Rxf2 Qe5+ 37. Qe3+ Qxe3+ 38. Kxe3 f5 39. Rg2+ Kh6 40. b4
Rhg8 41. Rh2 Rg3+ 42. Kf2 Rag8 43. c4 e5 44. Ke2 Rg2+ 45. Rxg2 Rxg2+ 46. Kf3
Rxa2 47. cxb5 h4 48. Ke3 h3 49. d4 h2 50. dxe5 h1=Q 51. e6 Qe4# 0-1

[Event "Challenge"]
[Site "http://www.queenalice.com/game.php?id=336899"]
[Date "2008.1.15"]
[Round "-"]
[White "spiazzi"]
[Black "garridosan"]
[Result "0-1"]
[WhiteElo "1549"]
[BlackElo "1867"]

1. e4 e5 2. Nf3 Nc6 3. a3 Nf6 4. d3 d5 5. Nc3 d4 6. Nb1 Bd6 7. Be2 O-O 8. O-O b5
9. b4 a5 10. Bg5 axb4 11. Nbd2 bxa3 12. Bxf6 Qxf6 13. Qb1 Bb4 14. Qb3 Be6 15.
Qb1 a2 16. Qd1 Bc3 17. Ne1 Bxa1 18. Qxa1 Qe7 19. Nef3 Qc5 20. Qb2 Nb4 21. Rc1
Qc3 22. Qxc3 dxc3 23. Nf1 a1=R 24. Rxa1 Rxa1 25. h3 Nxc2 26. Kh2 Nd4 27. Ng3 c2
28. Nxd4 c1=Q 0-1

[Event "Challenge"]
[Site "http://www.queenalice.com/game.php?id=580756"]
[Date "2009.5.1"]
[Round "-"]
[White "vilmar357"]
[Black "spiazzi"]
[Result "0-1"]
[WhiteElo "1624"]
[BlackElo "1561"]

1. e4 e5 2. Qh5 Nc6 3. Bc4 g6 4. Qf3 Nf6 5. d3 Nd4 6. Qd1 h6 7. c3 Nc6 8. Nd2
Bc5 9. b4 Bb6 10. Ngf3 Ng4 11. Qe2 Bxf2+ 12. Kd1 Be3 13. Ng5 Qxg5 14. Qf3 O-O
15. Kc2 d6 16. h3 Nf6 17. h4 Qf4 18. Qxf4 Bxf4 19. Nf3 Ng4 20. Bxf4 exf4 21. d4
Ne3+ 22. Kb3 a6 23. d5 Ne7 24. Rhg1 b5 25. Bd3 c5 26. a3 c4+ 27. Bxc4 bxc4+ 28.
Kb2 Ng4 29. a4 Ne5 30. Nxe5 dxe5 31. g3 Bd7 32. gxf4 exf4 33. Rgf1 g5 34. Rg1 f6
35. a5 Ng6 36. hxg5 fxg5 37. Rh1 Nh4 38. Rag1 Kh7 39. e5 Bf5 40. d6 Be4 41. Rh3
Bg2 42. Rxh4 gxh4 43. Rxg2 Rg8 44. Rh2 Rae8 45. Rxh4 Rg2+ 46. Ka3 Rxe5 47. d7
Rd5 48. Rxf4 Rxd7 49. Rxc4 Rd1 50. Rc7+ Rg7 51. Rc6 h5 52. Rxa6 h4 53. Rf6 h3
54. Rf2 Rg2 55. Rf7+ Kg6 56. Re7 h2 0-1